| 000 | 01104ngm a2200193 a 4500 | ||
|---|---|---|---|
| 005 | 20240924070343.0 | ||
| 008 | 020502s1990 mx 075 d daspa d | ||
| 035 | _aUPN01000133935 | ||
| 049 | _aAV | ||
| 050 | 4 | _aPVI P 1290 | |
| 245 | 0 | 0 |
_aAlicia en el país de las maravillas. _h[Videocasete]. |
| 260 |
_aMéxico : _bDisney, _c[199-]. |
||
| 300 |
_a1 videocasete (VHS) (75 min.) : _bson., col. |
||
| 440 | 0 |
_aWalt Disney. _pLos clásicos |
|
| 520 | _aUna deslumbrante combinación de fantasía, animación y música crea un caleidoscopio de aventuras en este colorido clásico de Disney, basada en la historia inmortal de Lewis Carrol. En una tarde soleada, Alicia sigue a un conejo blanco que desaparece dentro de una madriguera. Alicia corre tras él y penetra al alegre y absurdo mundo del País de las Maravillas. Canciones inolvidables y escapadas extravagantes acompañan el viaje de Alicia, que culmina en un encuentro con la Reina de los Corazones y su ejército de naipes. | ||
| 650 | 4 |
_aALICIA (PERSONAJE FICTICIO : CARROLL) _94797 |
|
| 650 | 0 |
_aFantasía _911180 |
|
| 905 | _aAudiovisuales | ||
| 999 |
_c106086 _d106086 |
||